000 00443nam a2200181Ia 4500
008 230512s1988 xx 000 0 und d
041 _aeng
082 _a658.3
100 _aKLEINER M D
245 _aLABOUR MARKETS AND HUMAN RESOURCE MANAGEMENT
250 _a1
260 _bSCOTT, FORESMAN SERIES IN MARKETING
_c1988
300 _a479
365 _b831
500 _aPaper Back
520 _aReference Copy
650 _aManagement
999 _c395878
_d395878